Atrévase a dar el gran salto : (Registro nro. 30900)
[ vista simple ]
| 000 -LEADER | |
|---|---|
| fixed length control field | 00811nam a22002177a 4500 |
| 003 - CONTROL NUMBER IDENTIFIER | |
| control field | OSt |
| 005 - DATE AND TIME OF LATEST TRANSACTION | |
| control field | 20250728160238.0 |
| 008 - FIXED-LENGTH DATA ELEMENTS--GENERAL INFORMATION | |
| fixed length control field | 250122b |||||||| |||| 00| 0 spa d |
| 020 ## - INTERNATIONAL STANDARD BOOK NUMBER | |
| International Standard Book Number | 9789584526762 |
| 037 ## - SOURCE OF ACQUISITION | |
| Source of stock number/acquisition | Donación |
| 040 ## - CATALOGING SOURCE | |
| Original cataloging agency | CO-JMCR |
| Language of cataloging | spa |
| Transcribing agency | CO-JMCR |
| Modifying agency | CO-JMCR |
| Description conventions | rda |
| 041 0# - LANGUAGE CODE | |
| Language code of text/sound track or separate title | spa |
| 082 04 - DEWEY DECIMAL CLASSIFICATION NUMBER | |
| Edition number | 23 |
| Classification number | 158.1 |
| Item number | H49a |
| 100 1# - MAIN ENTRY--PERSONAL NAME | |
| Personal name | Hendricks, Gay, |
| Relator term | autor |
| 9 (RLIN) | 43959 |
| 245 10 - TITLE STATEMENT | |
| Title | Atrévase a dar el gran salto : |
| Remainder of title | Conquiste sus miedos más recónditos para llevar su vida a otro nivel / |
| Statement of responsibility, etc. | Gay Hendricks; traducción de Adriana de Hassán |
| 260 ## - PUBLICATION, DISTRIBUTION, ETC. | |
| Place of publication, distribution, etc. | Bogotá: |
| Name of publisher, distributor, etc. | Grupo Editorial Norma, |
| Date of publication, distribution, etc. | 2010. |
| 300 ## - PHYSICAL DESCRIPTION | |
| Extent | 220 páginas; |
| Dimensions | 23 cm. |
| 500 ## - GENERAL NOTE | |
| General note | Título original: The Big Leap : Conquer Your Hidden Fear and Take Life to the Next Level |
| 700 ## - ADDED ENTRY--PERSONAL NAME | |
| Personal name | Hassán, Adriana de |
| Relator term | traductora |
| 9 (RLIN) | 12691 |
| 942 ## - ADDED ENTRY ELEMENTS (KOHA) | |
| Source of classification or shelving scheme | Dewey Decimal Classification |
| Koha item type | Books |
| Withdrawn status | Lost status | Source of classification or shelving scheme | Damaged status | Not for loan | Collection code | Home library | Current library | Shelving location | Date acquired | Source of acquisition | Total Checkouts | Full call number | Barcode | Date last seen | Copy number | Price effective from | Koha item type |
|---|---|---|---|---|---|---|---|---|---|---|---|---|---|---|---|---|---|
| Dewey Decimal Classification | Non-fiction | Biblioteca Pública José María del Castillo y Rada | Biblioteca Pública José María del Castillo y Rada | Book Cart | 01/15/2025 | Donación | 158.1 H49a | 201812425 | 01/22/2025 | Ej.1 | 01/22/2025 | Books |